000 00384cam a2200181ua 4500
001 9925
008 120120n II |||gr||||Z||||||eng
040 _aMAIN
041 _aEnglish
082 _a530 HAL
100 _aHALLIDAY.
245 _aFUNDAMENTALS OF PHYSICS
250 _a6TH.
260 _a[s.l]:
_bJHON WILLEY SONS.
300 _a1144.
653 _aPhysics
942 _cBK
999 _c9896
_d9896